000 00527nam a22001697a 4500
003 OSt
005 20240927005323.0
008 240927b |||||||| |||| 00| 0 eng d
040 _c0
082 _aDPer 050 R22 2000 January-May 2023 v123 no. 719-723
100 _a Meyers, David.
_eauthor.
_961727
245 _aMy lucky bamboo /
_cDavid Meyers.
260 _aTaipei ;
_bReader's Digest Asia,
_cMay 2023.
300 _aVolume 123, pages 74-77,
_billustration.
700 _a Meyers, David.
_eauthor.
_961727
942 _2ddc
_cPER
999 _c21951
_d21951